| 000 | 00629 a2200193 4500 | ||
|---|---|---|---|
| 010 | _aENG-88591 | ||
| 020 |
_a9788120333130 _c195.00 |
||
| 035 | _aEN-72124 | ||
| 037 | _bDBAD / PUB | ||
| 082 | 1 | 4 | _a658.4 |
| 090 |
_c9002 _d9002 |
||
| 100 | 1 | _aBeach, Lee Roy | |
| 245 | 1 |
_aThe human element: _bunderstanding and managing employee behavior / _cby Lee Roy Beach |
|
| 260 |
_aNew Delhi _bPrentice-Hall of India _c2007 |
||
| 300 |
_aix, 194 p. : _c23 cm (Pbk) |
||
| 500 | _aIncludes index. | ||
| 942 |
_adpl _cEN _k658.4 / BEA |
||
| 999 |
_c8840 _d8840 |
||